000 00576nam a2200205 i 4500
001 33404
003 ES-MaACL
005 20250710062719.0
007 t|
008 030202s1958 fr ||||1| fre d
100 1 _aBilly, Jacques.
_928896
245 1 3 _aLa politique économique /
_cpar Jacques Billy.
250 _a[2eme ed.].
260 _aParís :
_bPresses Universitaires de France,
_c1958.
300 _a127 p. ;
_c18 cm.
490 1 _aQue sais-je? ;
_v720
830 0 0 _aQue sais-je?
_v720
_9180931
852 _aES-MaACL
_jC-15628
_bR.43377
999 _c33404
_d33404